Loading...
| Philosophy | 0 | 7 | 0 | 1 | 70 | 60 | 83.43 | 1 | 4 |
| History - Other History | 0 | 7 | 1 | 2 | 65 | 26 | 79.43 | 2 | 3 |
| History - World History | 0 | 4 | 1 | 0 | 35 | 74 | 92.25 | 0 | 0 |
| History - European History | 0 | 4 | 1 | 2 | 35 | 83 | 104.75 | 1 | 3 |
| Literature - American Literature | 0 | 2 | 0 | 0 | 20 | 118 | 129.00 | 0 | 0 |
| Literature - British Literature | 0 | 2 | 0 | 0 | 20 | 128 | 131.00 | 0 | 0 |
| Fine Arts - Other Fine Arts | 0 | 2 | 0 | 0 | 20 | 111 | 123.00 | 0 | 0 |
| Literature - European Literature | 0 | 2 | 0 | 0 | 20 | 121 | 128.50 | 0 | 0 |
| Fine Arts - Visual Fine Arts | 0 | 2 | 0 | 0 | 20 | 63 | 86.00 | 0 | 1 |
| Geography/Current Events | 0 | 2 | 0 | 1 | 20 | 120 | 121.50 | 0 | 0 |
| History - American History | 0 | 3 | 2 | 1 | 20 | 54 | 89.00 | 0 | 1 |
| Social Science | 0 | 1 | 0 | 0 | 10 | 82 | 82.00 | 0 | 1 |
| Mythology | 0 | 1 | 0 | 1 | 10 | 135 | 135.00 | 0 | 0 |
| Other Academic | 0 | 1 | 0 | 0 | 10 | 17 | 17.00 | 1 | 1 |
| Pop Culture | 0 | 1 | 0 | 1 | 10 | 142 | 142.00 | 0 | 0 |
| Fine Arts - Classical Music | 0 | 1 | 0 | 0 | 10 | 115 | 115.00 | 0 | 0 |
| Science - Biology | 0 | 1 | 0 | 1 | 10 | 113 | 113.00 | 0 | 0 |
| Science - Other Science | 0 | 1 | 0 | 0 | 10 | 95 | 95.00 | 0 | 1 |
| Religion | 0 | 2 | 3 | 0 | 5 | 39 | 68.50 | 1 | 1 |